00844nam a2200241Ia 4500003000400000005001700004008004100021020001600062040001800078041000800096082002100104100002900125245007100154250001200225260003900237300002900276650006200305650002900367650004800396942003000444999001900474952010900493OSt20230725102102.0210716s1985 xx 000 0 und d a007 0991820 cAIMIT LIBRARY aeng a005.43 22bTHOR aThomas, Rebecca.9128290 aUser guide to the unix system /cBy Rebecca Thomas and Jean Yates. a2nd ed. aCalifornia :bMcGraw Hill ,c1985. aix,716 p.;bPBc21.5 cm. aMastering the special features of the unix system9128291 aText processing 9128292 aEssentials of system administration9128293 2ddccBKe2ndk005.43 THOR c182505d182505 001040708MCAaAIMITbAIMITd2021-07-16l0o005.43 THORpMCA02013r2025-07-21 00:00:00w2021-07-16yBK